| 000 | 00437 a2200157 4500 | ||
|---|---|---|---|
| 005 | 20250508130312.0 | ||
| 020 | _a978-0-07-066019-9 | ||
| 082 | _a658.4 WEI | ||
| 100 | _aWEIHRICH, H. | ||
| 245 | _aManagement : A Global Entrepreneurial Perspective | ||
| 250 | _a20th Ed | ||
| 260 |
_aNew Delhi, _bTata McGraw-Hill, _c2008. |
||
| 300 |
_aXv, 527p.: ill.; figure _bIndex _c24cm. |
||
| 700 | _aCANNICE, M. V. & KOONTZ, H. | ||
| 942 |
_2ddc _cBKS |
||
| 999 |
_c2197 _d2197 |
||